| 000 | 00365pab a2200145 454500 | ||
|---|---|---|---|
| 008 | 180718b1988 xxu||||| |||| 00| 0 eng d | ||
| 100 | _aGan, Chin Lee | ||
| 245 | _aEconomic theories of women's inferior labour market position | ||
| 260 | _c1988 | ||
| 300 | _a1-12 | ||
| 362 | _aJul. | ||
| 650 | _aWomen | ||
| 773 | _aIndian Journal of Economics | ||
| 909 | _a20741 | ||
| 999 |
_c20741 _d20741 |
||